00559nam a2200109Ia 4500008004100000245001400041300024200055650001600297856004500313999001900358952007200377170517s9999 xx 000 0 und d aWi-Fried? aMobile technologies have shaped our way of life, but are they also discreetly killing us? That's the question raised by the new documentary short WI-FRIED?, a thought-provoking look at the secret dangers which may lurk in the midst of... xTechnology. uhttp://topdocumentaryfilms.com/wi-fried/ c335148d335148 001040aCLbCLd2017-05-17l0r2017-05-17 00:00:00w2017-05-17yDF